| 000 | 00931nam a22002417a 4500 | ||
|---|---|---|---|
| 999 |
_c8865 _d8865 |
||
| 001 | 8865 | ||
| 003 | OSt | ||
| 005 | 20180717083626.0 | ||
| 008 | 180305b2014 bg ||||| |||| 00| 0 ben d | ||
| 035 | _a(BD-JhCC)8865 | ||
| 040 |
_aBD-JhCC _dBD-JhCC |
||
| 041 | _aben | ||
| 082 |
_a530 _bKHA 2014 |
||
| 100 | _aখান, ড. আমির হোসেন | ||
| 245 |
_aপদার্থবিজ্ঞান (দ্বিতীয় পত্র) একাদশ-দ্বাদশ শ্রেণী / _c ড. আমির হোসেন খান, মোহাম্মদ ইসহাক এবং মো. নজরুল ইসলাম |
||
| 260 |
_aঢাকাঃ _bআইডিয়াল বুকস _c2014. |
||
| 300 |
_a360 p. : _c24 cm. |
||
| 650 | _aPhysics | ||
| 700 | _aইসহাক, মোহাম্মদ | ||
| 700 | _aইসলাম, মো. নজরুল | ||
| 942 |
_2ddc _cBK |
||